Catalog

Record Details

Catalog Search



The misfit donkey / W. Bruce Cameron ; ... Read More

Cameron, W. Bruce,(author.).
Bernardin, James,(illustrator.).

Available copies

  • 3 of 3 copies available at LARL/NWRL Consortium.
  • 2 of 2 copies available at Lake Agassiz Regional Library. (Show preferred library)

Current holds

0 current holds with 3 total copies.

Show Only Available Copies
Location Call Number / Copy Notes Barcode Shelving Location Status Due Date
Crookston Public Library J CAM (Text) 33500013366406 Main Available -
Moorhead Public Library J CAM (Text) 33500013366398 Main Available -
Thief River Falls Public Library j CAM (Text) 35500006468688 Main Available -

Record details

  • ISBN: 9781250762672
  • ISBN: 1250762677
  • ISBN: 1250762685
  • ISBN: 9781250762689
  • Physical Description: 113 pages : illustrations ; 22 cm.
  • Edition: First edition.
  • Publisher: New York : Starscape, 2021.

Content descriptions

General Note:
"A Tom Doherty Associates book"
Includes excerpt from Lily to the Rescue: Foxes in a Fix.
Summary, etc.:
"Lily lives with her girl, Maggie Rose. Once a ... Read More
"Rescued shelter dog Lily offers assistance when a ... Read More
Subject: Pit bull terriers > Juvenile fiction.
Dogs > Juvenile fiction.
Donkeys > Juvenile fiction.
Animals > Juvenile fiction.
Human-animal relationships > Juvenile fiction.
Animal rescue > Juvenile fiction.
Animals.
Dogs.
Donkeys.
Human-animal relationships.
Pit bull terriers.
Dogs > Fiction.
Donkeys > Fiction.
Animal rescue > Fiction.
Human-animal relationships > Fiction.
Genre: Animal fiction.
Fiction.
Juvenile works.
Animal fiction.
Junior fiction.
LDR 03338cam a2200697Ia 4500
001362706
003LARL_NWRL_CONSORTIUM
00520210323160157.0
008210122t20212021nyua c 000 1 eng d
040 . ‡aLMJ ‡beng ‡cLMJ ‡dTDS ‡dOCLCO ‡dOCLCF ‡dYDX ‡dBDX ‡dIH5 ‡dJAO ‡dOCLCO ‡dORK ‡dTXG ‡dJBL
019 . ‡a1151706102 ‡a1151725112 ‡a1236202506 ‡a1239765719 ‡a1240556824 ‡a1241698139
020 . ‡a9781250762672 ‡q(hardcover)
020 . ‡a1250762677 ‡q(hardcover)
020 . ‡a1250762685 ‡q(paperback)
020 . ‡a9781250762689 ‡q(paperback)
035 . ‡a(OCoLC)1236204341 ‡z(OCoLC)1151706102 ‡z(OCoLC)1151725112 ‡z(OCoLC)1236202506 ‡z(OCoLC)1239765719 ‡z(OCoLC)1240556824 ‡z(OCoLC)1241698139
08204. ‡a[E] ‡223
1001 . ‡aCameron, W. Bruce, ‡eauthor. ‡0(LARL_NWRL_CONSORTIUM)131139
24514. ‡aThe misfit donkey / ‡cW. Bruce Cameron ; illustrations by James Bernardin.
2463 . ‡aLily to the rescue : ‡bthe misfit donkey
250 . ‡aFirst edition.
264 4. ‡c©2021
264 1. ‡aNew York : ‡bStarscape, ‡c2021.
300 . ‡a113 pages : ‡billustrations ; ‡c22 cm.
336 . ‡atext ‡btxt ‡2rdacontent
336 . ‡astill image ‡bsti ‡2rdacontent
337 . ‡aunmediated ‡bn ‡2rdamedia
338 . ‡avolume ‡bnc ‡2rdacarrier
4900 . ‡aLily to the rescue ; ‡v6
500 . ‡a"A Tom Doherty Associates book"
500 . ‡aIncludes excerpt from Lily to the Rescue: Foxes in a Fix.
520 . ‡a"Lily lives with her girl, Maggie Rose. Once a stray, Lily was rescued by the kind people at the animal shelter run by Maggie Rose's mom. Now she has a very important purpose: to rescue other animals in trouble. A baby misfit donkey tries to make friends with a herd of older donkeys from a neighboring farm, only to be rejected again and again. No one can figure out why--until Lily comes to visit. It's Lily to the rescue!" -- Amazon.
520 . ‡a"Rescued shelter dog Lily offers assistance when a baby donkey tries to make friends with a neighboring herd of older donkeys, who reject the foal for mysterious reasons"-- ‡cProvided by publisher.
650 0. ‡aPit bull terriers ‡vJuvenile fiction.
650 0. ‡aDogs ‡vJuvenile fiction. ‡0(LARL_NWRL_CONSORTIUM)164650
650 0. ‡aDonkeys ‡vJuvenile fiction. ‡0(LARL_NWRL_CONSORTIUM)171986
650 0. ‡aAnimals ‡vJuvenile fiction. ‡0(LARL_NWRL_CONSORTIUM)162061
650 0. ‡aHuman-animal relationships ‡vJuvenile fiction. ‡0(LARL_NWRL_CONSORTIUM)169688
650 0. ‡aAnimal rescue ‡vJuvenile fiction.
650 7. ‡aAnimals. ‡2fast ‡0(LARL_NWRL_CONSORTIUM)13546
650 7. ‡aDogs. ‡2fast ‡0(LARL_NWRL_CONSORTIUM)18684
650 7. ‡aDonkeys. ‡2fast ‡0(LARL_NWRL_CONSORTIUM)18736
650 7. ‡aHuman-animal relationships. ‡2fast ‡0(LARL_NWRL_CONSORTIUM)22511
650 7. ‡aPit bull terriers. ‡2fast ‡0(LARL_NWRL_CONSORTIUM)28246
650 1. ‡aDogs ‡vFiction. ‡0(LARL_NWRL_CONSORTIUM)164539
650 1. ‡aDonkeys ‡vFiction.
650 1. ‡aAnimal rescue ‡vFiction.
650 1. ‡aHuman-animal relationships ‡vFiction. ‡0(LARL_NWRL_CONSORTIUM)165684
655 7. ‡aAnimal fiction. ‡2fast
655 7. ‡aFiction. ‡2fast
655 7. ‡aJuvenile works. ‡2fast
655 7. ‡aAnimal fiction. ‡2lcgft
655 0. ‡aJunior fiction.
7001 . ‡aBernardin, James, ‡eillustrator. ‡0(LARL_NWRL_CONSORTIUM)106285
901 . ‡a362706 ‡b ‡c362706 ‡tbiblio

Additional Resources